000 00369nam a22001577a 4500
005 20161015152059.0
008 161015b xxu||||| |||| 00| 0 eng d
020 _a978-81-7124-650-2
041 _aeng
100 _aTiwari, Dr Arjun
_93606
245 _aAdhunik Patrkarita
260 _bVishwavidhyalaya
300 _a322
650 _aEngineering
_93607
942 _cBK
999 _c5272
_d5270